Systém vzdelávania v podniku bakalárska práca

Salvato in:
Dettagli Bibliografici
Autore principale: Pieš, Viktor
Ente Autore: Fakulta podnikového manažmentu EU. Katedra manažmentu
Altri autori: Dubeňová, Katarína
Natura: Libro
Lingua:slovacco
Pubblicazione: Bratislava 2012
Tags: Aggiungi Tag
Nessun Tag, puoi essere il primo ad aggiungerne!!

MARC

LEADER 00000nbm a2200000 4500
001 0153920
005 20161109111814.9
041 0 |a slo 
044 |a SK 
245 1 0 |a Systém vzdelávania v podniku  |b bakalárska práca  |c Viktor Pieš ; školiteľ: Katarína Dubeňová 
264 1 |a Bratislava  |c 2012 
300 |a 59 s. 
100 1 |a Pieš, Viktor 
700 1 |a Dubeňová, Katarína 
710 2 |a Fakulta podnikového manažmentu EU. Katedra manažmentu